01011nam a22001937a 450000500170000000800410001702000180005808200230007608200200009910000280011924501150014726000310026230000250029333700110031833800140032950000200034350504330036365000210079620231102151848.0150828b201 m ||||| |||| 00| 0 spa d a9789681824389 aC 658.3 H313a 2010 aHF5549 H37 2010 aHarris, O Jeffe, autor aAdministración de recursos humanos Tomo Vb : Conceptos de conducta interpersonal y casosc / O. Jeff Harris aMéxicob: Limusac, 2010 a229 - 426 páginas  aTexto  asin medio aIncluye temario aDefinición e historia de la administración de personal Un modelo de proceso-sistemas y contingencias importantes Conceptos y suposiciones de las ciencias de la conducta El porceso de especialización de funciones El porceso de colocación Los porcesos de capacitación, desarrollo y evaluación El proceso de compensación El proceso de negociación colectiva El desarrollo organizacional y el departamento de personal 0aRECURSOS HUMANOS